000 00305nam a22001457a 4500
008 210303b ||||| |||| 00| 0 eng d
020 _a9781323238844
041 _aeng
080 _a336
082 _a336
100 _a56
101 _aFIN
245 _aAccounting
_cHorngreen, Ch.T
942 _2udc
_cBK
999 _c55683
_d55683